[Event "Druzynowe Mistrzostwa Polski II Liga"]
[Site "Szklarska Poreba"]
[Date "1899-12-30"]
[Round "9.67"]
[White "Brzezinski, Mateusz"]
[Black "Stysiak, Szymon"]
[Result "1-0"]
[WhiteTitle "k"]
[BlackTitle "k"]
[WhiteElo "2119"]
[BlackElo "2191"]

1. d4 Nf6 2. Bf4 b6 3. Nf3 Bb7 4. e3 e6 5. Bd3 c5 6. O-O d5 7. c3 Nc6 8. Nbd2 Bd6
9. Bg3 Bxg3 10. hxg3 Qe7 11. Ne5 Nxe5 12. dxe5 Nd7 13. f4 f5 14. exf6 gxf6 15.
e4 c4 16. Qh5+ Kd8 17. Bc2 Qc5+ 18. Kh2 dxe4 19. f5 e3 20. Ne4 Bxe4 21. Bxe4 Rc8
22. Rad1 Rc7 23. Qf3 Kc8 24. fxe6 Ne5 25. Qe2 Rg8 26. Rd5 Qe7 27. Bf5 Rg5 28.
Rd4 Rxf5 29. Rxf5 Qxe6 30. Rdf4 Nd3 31. Rf1 Re7 32. Rxf6 Qe4 33. Rd6 b5 34. Rd4
Qc6 35. b3 Kc7 36. bxc4 bxc4 37. Rb1 Re4 38. Qh5 Rxd4 39. cxd4 Qe4 40. Qf7+ Kd6
41. Rf1 Nf2 42. Qxc4 Ng4+ 43. Kg1 e2 44. Qc5+ Ke6 45. d5+ Ke5 46. Re1 Kf5 47.
Qc3 Qxd5 48. Qf3+ Qxf3 49. gxf3 Ne5 50. Rxe2 Ng4 1-0

[Event "Druzynowe Mistrzostwa Polski II Liga"]
[Site "Szklarska Poreba"]
[Date "1899-12-30"]
[Round "9.68"]
[White "Kaminski, Piotr"]
[Black "Kujawski, Adam"]
[Result "1-0"]
[WhiteTitle "k"]
[BlackTitle "k"]
[WhiteElo "2129"]
[BlackElo "2245"]

1. d4 Nf6 2. c4 c5 3. d5 e5 4. Nc3 d6 5. e4 Be7 6. g3 Na6 7. Bg2 Nc7 8. Nf3 a6
9. a4 b6 10. O-O Rb8 11. Ne1 b5 12. b3 O-O 13. Nd3 Nd7 14. a5 Bg5 15. Qh5 Bxc1
16. Raxc1 g6 17. Qe2 Ne8 18. Ra1 Ng7 19. f4 b4 20. Nd1 Qe7 21. f5 Qg5 22. Ne3
Nf6 23. g4 Nxg4 24. Nxg4 gxf5 25. Ngf2 Qh6 26. exf5 Bxf5 27. Ng4 Bxg4 28. Qxg4
Qe3+ 29. Nf2 Qxb3 30. Kh1 f5 31. Qh4 e4 32. Nxe4 fxe4 33. Bxe4 h5 34. Rg1 Rf5
35. Rg3 Qxc4 36. Rxg7+ Kxg7 37. Qe7+ Rf7 38. Rg1+ Kh8 39. Qe6 Qxe4+ 40. Qxe4 Ra8
1-0

[Event "Druzynowe Mistrzostwa Polski II Liga"]
[Site "Szklarska Poreba"]
[Date "1899-12-30"]
[Round "9.69"]
[White "Gralka, Przemyslaw"]
[Black "Szmyd, Arkadiusz"]
[Result "1/2-1/2"]
[WhiteTitle "k"]
[BlackTitle "k"]
[WhiteElo "2221"]
[BlackElo "2136"]

1. d4 Nf6 2. Bf4 d5 3. e3 c5 4. c3 Nc6 5. Nd2 Qb6 6. Qb3 Qxb3 7. axb3 e6 8. Bb5
Bd7 9. h3 a6 10. Ngf3 Rc8 11. Bd3 Be7 12. O-O O-O 13. Bh2 Rfd8 14. g4 Be8 15.
Kg2 Nd7 16. Ne5 Ndxe5 17. dxe5 d4 18. exd4 cxd4 19. c4 Nb4 20. Be4 Bc6 21. Rfd1
Nc2 22. Rac1 Ne3+ 23. fxe3 dxe3 24. Bxc6 exd2 25. Rc2 bxc6 26. Rcxd2 Rxd2+ 27.
Rxd2 Rd8 28. Rxd8+ Bxd8 29. Kf3 Bb6 30. Ke4 Kf8 31. Bf4 Ke8 32. Bd2 Bc5 33. Bc3
Ke7 34. b4 Bf2 35. Bd4 Bxd4 36. Kxd4 f5 37. exf6+ gxf6 38. b5 axb5 39. cxb5 e5+
40. Kc4 Kd6 41. b6 Kd7 42. h4 h6 43. h5 Kc8 44. Kc5 Kb7 45. b4 Kb8 46. b5 cxb5
47. Kxb5 Kc8 48. Kc5 Kb7 49. Kb5 Kc8 50. Kc5 Kb7 1/2-1/2

[Event "Druzynowe Mistrzostwa Polski II Liga"]
[Site "Szklarska Poreba"]
[Date "1899-12-30"]
[Round "9.70"]
[White "Knopik, Krzysztof"]
[Black "Mazalon, Mariusz"]
[Result "1/2-1/2"]
[WhiteTitle "k"]
[BlackTitle "k"]
[WhiteElo "2098"]
[BlackElo "2066"]

1. c4 c5 2. g3 Nc6 3. Bg2 g6 4. Nf3 Bg7 5. O-O e5 6. d3 Nge7 7. Nc3 O-O 8. a3 a5
9. Rb1 d6 10. Bd2 Rb8 11. Ne1 Be6 12. Nc2 d5 13. cxd5 Nxd5 14. Nxd5 Bxd5 15. Bxd5
Qxd5 16. b4 cxb4 17. axb4 axb4 18. Bxb4 Nxb4 19. Nxb4 Qd4 20. Qb3 Rfc8 21. Nd5
Bf8 22. e3 Qc5 23. Nf6+ Kg7 24. Nd7 Qd6 25. Nxb8 Rxb8 26. Qb5 h5 27. h4 Qf6 28.
Qd5 b6 29. Rfc1 Rd8 30. Qe4 Bc5 31. Kg2 Qd6 32. Rb3 f5 33. Qc4 Qf6 34. Ra1 Rd7
35. Ra2 Rf7 36. Rd2 f4 37. exf4 exf4 38. Qxf4 Qxf4 39. gxf4 Rxf4 40. Kg3 Rg4+
41. Kh3 Rf4 42. Rbb2 Kf6 43. Rbc2 Ke5 44. Re2+ Kd5 45. Kg3 Rg4+ 46. Kh3 Rf4 1/2-1/2

[Event "Druzynowe Mistrzostwa Polski II Liga"]
[Site "Szklarska Poreba"]
[Date "1899-12-30"]
[Round "9.71"]
[White "Stoppel, Mariusz"]
[Black "Boruta, Dawid"]
[Result "0-1"]
[WhiteTitle "I+"]
[BlackTitle "I"]
[WhiteElo "2027"]
[BlackElo "1893"]

1. e4 d5 2. e5 c5 3. f4 Nc6 4. Nf3 Bg4 5. Bb5 Qb6 6. Bxc6+ Qxc6 7. O-O e6 8. d3
c4 9. h3 Bxf3 10. Qxf3 Bc5+ 11. Kh1 cxd3 12. Qxd3 g6 13. Nd2 Ne7 14. Nb3 Bb6 15.
Bd2 Rc8 16. c3 Qc4 17. Qf3 Nf5 18. Nc1 Qxf1+ 0-1

[Event "Druzynowe Mistrzostwa Polski II Liga"]
[Site "Szklarska Poreba"]
[Date "1899-12-30"]
[Round "9.72"]
[White "Gonsior, Monika"]
[Black "Mackiewicz, Anna"]
[Result "0-1"]
[WhiteTitle "m"]
[BlackTitle "k+"]
[WhiteElo "1974"]
[BlackElo "1945"]

1. e4 e6 2. d4 d5 3. exd5 exd5 4. Bd3 Bd6 5. Ne2 Bg4 6. Nbc3 c6 7. Be3 Nf6 8. Qd2
Na6 9. a3 O-O 10. O-O Qc7 11. h3 Be6 12. Bg5 Ne8 13. b4 Qd7 14. f4 h6 15. Bxh6
Bxh3 16. gxh3 Qxh3 17. Bg5 f6 18. Rf2 fxg5 19. Rh2 Qg4+ 20. Rg2 Bxf4 21. Nxf4
Qxf4 22. Qxf4 gxf4 23. Rg6 Rf6 24. Kf2 Rxg6 25. Bxg6 Nd6 26. Re1 Rf8 27. Re7 Rf6
28. Bd3 Nb8 29. b5 Kf8 30. Re5 Nd7 31. bxc6 bxc6 32. Rh5 Kf7 33. Kf3 Nf8 34. Nxd5
cxd5 35. Rxd5 Ne6 36. c4 Rh6 37. c5 Rh3+ 38. Ke2 f3+ 39. Ke1 Nf4 40. Bf1 Nxd5
41. Bxh3 Nb5 42. Bf1 Nxd4 43. Bc4 Ke6 44. Kf2 g5 45. Kg3 Ke5 46. c6 Kd6 47. Bxd5
Kxd5 48. c7 Nf5+ 49. Kxf3 Nd6 50. Kg4 Kc6 51. Kxg5 Kxc7 52. Kf4 Kb6 53. Ke3 Kb5
54. Kd4 Ka4 55. Kc3 Kxa3 56. Kc2 Ka2 57. Kc1 a5 58. Kc2 Nf5 59. Kc3 Ne3 60. Kd2
Kb2 0-1

[Event "Druzynowe Mistrzostwa Polski II Liga"]
[Site "Szklarska Poreba"]
[Date "1899-12-30"]
[Round "9.73"]
[White "Snihur, Piotr"]
[Black "Steczek, Marcin"]
[Result "1-0"]
[WhiteTitle "k"]
[BlackTitle "FM"]
[WhiteElo "2181"]
[BlackElo "2390"]

1. d4 Nf6 2. c4 e6 3. Nf3 Bb4+ 4. Bd2 Qe7 5. g3 O-O 6. Nc3 b6 7. Bg2 Bb7 8. Qc2
Bxc3 9. Bxc3 Be4 10. Qd2 d6 11. O-O Nbd7 12. Rfd1 a5 13. Qf4 Rfe8 14. Rac1 Rac8
15. Bh3 h6 16. b3 Bh7 17. Qe3 Rcd8 18. Bb2 Ne4 19. Bg2 f5 20. Ne1 Ndf6 21. h3
Rb8 22. Nd3 c5 23. Ne1 cxd4 24. Bxd4 Qc7 25. Bb2 e5 26. Nc2 Qe7 27. Na3 h5 28.
Nb5 Red8 29. Ba3 Nc5 30. Nd4 f4 31. gxf4 Be4 32. Nc6 Bxc6 33. Bxc6 Rbc8 34. Bd5+
Kh8 35. Bb2 Re8 36. fxe5 dxe5 37. Kh2 Kh7 38. Qg3 g6 39. Rg1 Qg7 40. Rcd1 Re7
41. Kh1 Ncd7 42. Qe3 Rce8 43. Ba3 Nxd5 44. Rxd5 Re6 45. Rgd1 Nf6 46. Rd6 Qb7+
47. Kh2 Qc7 48. Rxe6 Rxe6 49. Bb2 Re7 50. Rg1 Qd6 51. Bc1 Ng8 52. Qe4 Rf7 53.
f3 Nh6 54. Qd5 Qf6 55. Bg5 Qf5 56. Qc6 Rd7 57. Qxb6 Nf7 58. Be3 e4 59. Qb5 Qe6
60. f4 Nh6 61. Qe5 Qxe5 62. fxe5 Nf5 63. Bf4 e3 64. Kg2 Rd2 65. Kf3 Rxa2 66. Rd1
Rb2 67. Rd3 Kg7 68. Bxe3 Kf7 69. Bf2 a4 70. bxa4 Rb4 71. e4 Ng7 72. Rd7+ Kg8 73.
Rd8+ Kf7 74. Rf8+ Ke6 75. Rf6+ Kxe5 76. Rxg6 Rb3+ 77. Ke2 Ne6 78. Bg3+ Kd4 79.
Rxe6 Rxg3 80. c5 Kxc5 81. Re5+ Kd4 82. Rxh5 Kxe4 83. a5 Rg2+ 84. Kf1 Ra2 85. h4
Kf3 86. Ke1 Kg4 87. Rb5 Kxh4 88. Kd1 Kg4 89. Kc1 Kf4 90. Kb1 Ra4 91. Kb2 Ke4 92.
Rh5 Rb4+ 93. Kc3 Rb8 94. Kc4 Rc8+ 95. Rc5 Ra8 96. Kb5 Kd4 97. Rh5 Rb8+ 98. Kc6
Rc8+ 99. Kb7 Rg8 100. a6 Rg7+ 101. Kb6 Rg6+ 102. Kb5 Rg7 103. Rh6 Kd5 104. Kb6
Rg1 105. a7 Rb1+ 106. Kc7 Ra1 107. Kb7 Kd4 1-0

[Event "Druzynowe Mistrzostwa Polski II Liga"]
[Site "Szklarska Poreba"]
[Date "1899-12-30"]
[Round "9.74"]
[White "Smagalski, Slawomir"]
[Black "Nowak, Mikolaj"]
[Result "0-1"]
[WhiteTitle "I+"]
[BlackTitle "I++"]
[WhiteElo "1908"]
[BlackElo "2088"]

1. Nf3 d6 2. c4 e5 3. Nc3 Nc6 4. g3 g6 5. Bg2 Bg7 6. d3 f5 7. Bd2 Nf6 8. Rb1 O-O
9. O-O h6 10. b4 e4 11. Ne1 exd3 12. exd3 Nd4 13. Nc2 Nxc2 14. Qxc2 c6 15. b5
Qc7 16. bxc6 bxc6 17. Qa4 Bd7 18. Qa6 Rab8 19. c5 g5 20. d4 d5 21. Qd3 Ne4 22.
Nxe4 fxe4 23. Qc3 Bg4 24. Be3 Rb7 25. Qc2 Rfb8 26. Rxb7 Qxb7 27. f3 exf3 28. Bxf3
Bxf3 29. Rxf3 Qb1+ 30. Qxb1 Rxb1+ 31. Rf1 Rb4 32. Rd1 Rb2 33. a3 Rb3 34. Bc1 Rb1
35. Kg2 a5 36. h4 Bxd4 37. hxg5 Be3 38. Bxe3 Rxd1 39. gxh6 Rd3 40. Bf4 Kh7 41.
Kh3 Rxa3 42. Kh4 Kg6 43. g4 a4 44. g5 Ra1 45. Kg4 Rg1+ 46. Kf3 Rf1+ 47. Kg4 Rxf4+
48. Kxf4 a3 49. Ke5 a2 50. Kd6 a1=Q 51. Kxc6 d4 52. h7 Kxh7 53. g6+ Kxg6 54. Kb7
Qc3 0-1

[Event "Druzynowe Mistrzostwa Polski II Liga"]
[Site "Szklarska Poreba"]
[Date "1899-12-30"]
[Round "9.75"]
[White "Szadkowski, Krzysztof"]
[Black "Zakoscielna, Kinga"]
[Result "1-0"]
[WhiteTitle "k"]
[BlackTitle "WFM"]
[WhiteElo "2130"]
[BlackElo "2070"]

1. Nf3 d5 2. g3 c6 3. Bg2 e6 4. O-O f5 5. c4 Nf6 6. d3 Bd6 7. Bf4 Bxf4 8. gxf4
O-O 9. Nbd2 Nbd7 10. Rc1 Nh5 11. e3 Rf6 12. Ng5 g6 13. d4 Qe7 14. Ngf3 Rf8 15.
Ne5 Nxe5 16. dxe5 b6 17. cxd5 cxd5 18. Qa4 Qb7 19. Nb3 Bd7 20. Qb4 a5 21. Qd6
Rac8 22. Nd4 Ng7 23. Bf3 Kf7 24. h4 Rxc1 25. Rxc1 Rc8 26. Rxc8 Bxc8 27. Qd8 Ne8
28. Nb5 Qc6 29. Nd6+ Nxd6 30. exd6 Kg7 31. h5 Qb7 32. h6+ Kf7 33. Qh8 b5 34. Qxh7+
Kf8 35. Qxb7 Bxb7 36. d7 1-0

[Event "Druzynowe Mistrzostwa Polski II Liga"]
[Site "Szklarska Poreba"]
[Date "1899-12-30"]
[Round "9.76"]
[White "Walaszczyk, Witold"]
[Black "Kwiatkowski, Wiktor"]
[Result "1-0"]
[WhiteTitle "k"]
[BlackTitle "I"]
[WhiteElo "2136"]
[BlackElo "1933"]

1. d4 Nf6 2. c4 e6 3. Nf3 d5 4. g3 c5 5. Bg2 Nc6 6. O-O Qb6 7. cxd5 exd5 8. dxc5
Bxc5 9. Nc3 Be6 10. Na4 Qb5 11. Nxc5 Qxc5 12. Be3 Qb5 13. b3 O-O 14. Nd4 Nxd4
15. Bxd4 Ne4 16. Bb2 Rac8 17. e3 Rfe8 18. Qh5 Qd3 19. Bd4 h6 20. Bxa7 Rc2 21.
Bd4 Rd2 22. Rad1 Qc2 23. Rxd2 Nxd2 24. Qe2 Rc8 25. Ra1 Ne4 26. Bf1 h5 27. b4 g6
28. a4 Ng5 29. h4 Nh3+ 30. Kg2 Bg4 31. Qxc2 Rxc2 32. e4 dxe4 33. a5 Nxf2 34. Bxf2
e3 35. Re1 Rxf2+ 36. Kg1 Rf3 37. Bg2 Rf2 38. Bxb7 Rb2 39. a6 Ra2 40. b5 e2 41.
b6 1-0

[Event "Druzynowe Mistrzostwa Polski II Liga"]
[Site "Szklarska Poreba"]
[Date "1899-12-30"]
[Round "9.77"]
[White "Leskiewicz, Ignacy"]
[Black "Swiatnicki, Andrzej"]
[Result "1-0"]
[WhiteTitle "I+"]
[BlackTitle "k"]
[WhiteElo "1770"]
[BlackElo "2028"]

1. e4 c6 2. d4 d5 3. exd5 cxd5 4. c4 Nf6 5. Nc3 Nc6 6. Bg5 Bg4 7. f3 Be6 8. c5
g6 9. Bb5 Bg7 10. Nge2 O-O 11. O-O h6 12. Bh4 g5 13. Bf2 Bf5 14. h4 e6 15. hxg5
hxg5 16. Ng3 Bg6 17. Qd2 Nh5 18. Nxh5 Bxh5 19. Rae1 Qf6 20. Bxc6 bxc6 21. Re5
Qe7 22. Rxg5 Bg6 23. Ne2 Kh7 24. Rg4 Bf6 25. Bg3 Bf5 26. Bd6 Qd8 27. Kf2 Bxg4
28. Rh1+ Kg8 29. Qh6 Bf5 30. Bxf8 Qxf8 1-0

[Event "Druzynowe Mistrzostwa Polski II Liga"]
[Site "Szklarska Poreba"]
[Date "1899-12-30"]
[Round "9.78"]
[White "Bukowska, Katarzyna"]
[Black "Pastuszko, Kinga"]
[Result "0-1"]
[WhiteTitle "k++"]
[BlackTitle "k+"]
[WhiteElo "1912"]
[BlackElo "1971"]

1. e4 c5 2. Nf3 d6 3. d4 cxd4 4. Nxd4 Nf6 5. Nc3 a6 6. g3 e5 7. Nde2 Be6 8. Bg2
Be7 9. O-O Nbd7 10. h3 b5 11. a3 Rc8 12. Be3 Nb6 13. b3 O-O 14. Kh2 Nfd7 15. f4
f6 16. Qd2 Qc7 17. Rfd1 Bf7 18. Bf3 Rfd8 19. Bg4 h5 20. Bf3 g6 21. Bg2 Nc5 22.
Qe1 Qc6 23. Qf2 a5 24. Rd2 a4 25. b4 Ncd7 26. Nd5 Nxd5 27. exd5 Qb7 28. Rf1 Rc4
29. fxe5 Nxe5 30. Nf4 Rc3 31. Bd4 Rxa3 32. Bxe5 fxe5 33. Nxh5 Bg5 34. Nf6+ Kg7
35. Ng4 Rf8 36. Rdd1 Qc8 37. Qe2 Qc4 38. Qxc4 bxc4 39. h4 Bd8 40. Ra1 Rc3 41.
Rxa4 Rxc2 42. Ra7 c3 43. Rd7 Rd2 44. Rxd6 c2 45. Ne3 Re2 46. Nc4 Bxd5 47. Rd7+
Kg8 48. Rxf8+ Kxf8 49. Rxd8+ Kg7 50. Rxd5 c1=Q 51. Nxe5 Qb2 52. Rd7+ Kf6 53. Ng4+
Ke5 0-1

[Event "Druzynowe Mistrzostwa Polski II Liga"]
[Site "Szklarska Poreba"]
[Date "1899-12-30"]
[Round "9.79"]
[White "Ustianovich, Nazar"]
[Black "Zebracki, Tomasz"]
[Result "1-0"]
[WhiteTitle "FM"]
[BlackTitle "k"]
[WhiteElo "2382"]
[BlackElo "2188"]

1. d4 Nf6 2. c4 e5 3. dxe5 Ng4 4. Bf4 Bb4+ 5. Nd2 Nc6 6. Ngf3 Qe7 7. e3 Ngxe5 8.
Nxe5 Nxe5 9. Be2 O-O 10. O-O Ng6 11. Bg3 Bd6 12. Bxd6 Qxd6 13. Qc2 Qe7 14. c5
d6 15. cxd6 Qxd6 16. Rfd1 Qe7 17. Nb3 Ne5 18. Rac1 c6 19. Qe4 Qf6 20. Rc5 Nd7
21. Rc2 Ne5 22. Rcd2 Be6 23. Nc5 Bd5 24. Qd4 b6 25. Ne4 Qe6 26. b3 Nd7 27. Nc3
Nf6 28. Nxd5 cxd5 29. Bf3 Rad8 30. e4 dxe4 31. Qxd8 exf3 32. Qd6 Qf5 33. Qd3 Ne4
34. Rc2 Qg6 35. Qxf3 Ng5 36. Qc3 Nf3+ 37. Kh1 Nxh2 38. Re1 Ng4 39. Kg1 h6 40.
Rce2 Kh7 41. f3 Nf6 42. Qc2 Rd8 43. Qxg6+ Kxg6 44. Re7 a5 45. Rb7 Rd2 46. Ree7
Rxa2 47. Rxf7 Nh5 48. Rf8 a4 49. Rxb6+ Kh7 50. b4 a3 51. Rf5 Ng3 52. Ra5 Ne2+
53. Kf2 Nd4+ 54. Kg3 Nc2 55. Ra7 Rb2 56. Rbb7 Kg6 57. Rxg7+ Kf6 58. Rh7 Kg5 59.
Rhc7 a2 60. Ra6 Nd4 61. Rc5+ Nf5+ 62. Kh3 Rb1 63. Kh2 a1=Q 64. Rxa1 Rxa1 65. g4
Kh4 66. Rxf5 Ra2+ 67. Kg1 Kg3 68. Kf1 Ra6 69. Ke2 Ra1 70. b5 Rb1 71. Kd3 Kf2 72.
Kd4 Ke2 73. Kc5 Rc1+ 74. Kd6 1-0

[Event "Druzynowe Mistrzostwa Polski II Liga"]
[Site "Szklarska Poreba"]
[Date "1899-12-30"]
[Round "9.80"]
[White "Paprocki, Jaroslaw"]
[Black "Smolka, Marcin"]
[Result "1/2-1/2"]
[WhiteTitle "k"]
[BlackTitle "k"]
[WhiteElo "2161"]
[BlackElo "2153"]

1. d4 d5 2. Nf3 c6 3. c4 e6 4. Nbd2 Nf6 5. b3 Nbd7 6. Bb2 Bd6 7. e3 Ne4 8. Nxe4
dxe4 9. Nd2 f5 10. Qc2 Qe7 11. O-O-O c5 12. f3 cxd4 13. Bxd4 exf3 14. gxf3 e5
15. Bb2 O-O 16. Bh3 Nc5 17. b4 Na6 18. c5 Nxb4 19. cxd6 Qxd6 20. Nb3 Qa6 21. Nc5
Nxc2 22. Nxa6 Nxe3 23. Nc7 f4 24. Rd7 Bxd7 25. Bxd7 Rac8 26. Be6+ Kh8 27. Bxc8
Rxc8 28. Bxe5 Kg8 29. Rg1 g6 30. Kb1 Rf8 31. Bd4 Rd8 32. Bxe3 fxe3 33. Re1 Rd2
34. Rxe3 Rxh2 35. Re7 Rf2 36. Ne6 Re2 37. f4 a5 38. a4 b6 39. Kc1 Ra2 40. Rg7+
Kh8 41. Rf7 h5 42. Rg7 Rg2 43. f5 Rf2 44. fxg6 Rf6 45. Re7 Rxg6 46. Re8+ Rg8 47.
Re7 Rg4 48. Nf8 Rxa4 49. Nd7 Rf4 50. Nxb6 Rf6 51. Nd5 Rh6 52. Rf7 h4 53. Rf2 h3
54. Rh2 Rh4 55. Kc2 Kh7 56. Kd3 Kg6 57. Ke3 Kf5 58. Kf3 a4 59. Ne3+ Kg5 60. Rh1
a3 61. Rg1+ Kh5 62. Nf1 h2 63. Rh1 a2 64. Ng3+ Kg5 65. Ra1 Rb4 66. Ne4+ Kf5 67.
Ng3+ Kg5 68. Ne4+ Kf5 69. Nf2 Rb2 70. Kg3 Rb1 71. Rxa2 h1=Q 72. Ra5+ Ke6 73. Ra6+
Kd7 74. Nxh1 Rxh1 75. Kf4 Rh4+ 76. Kg5 Rd4 77. Kf5 Rd5+ 78. Ke4 Rh5 79. Ra7+ Kc6
80. Ra6+ Kb7 81. Rf6 Kc7 82. Kf4 Kb7 83. Kf3 1/2-1/2

[Event "Druzynowe Mistrzostwa Polski II Liga"]
[Site "Szklarska Poreba"]
[Date "1899-12-30"]
[Round "9.81"]
[White "Bielczyk, Jacek"]
[Black "Wisniewski, Przemyslaw"]
[Result "1-0"]
[WhiteTitle "IM"]
[BlackTitle "k"]
[WhiteElo "2291"]
[BlackElo "2010"]

1. e4 c6 2. d4 d6 3. Nc3 Qc7 4. h3 e5 5. Nge2 Be7 6. g3 Nf6 7. Bg2 Nbd7 8. O-O
O-O 9. f4 b5 10. a3 Bb7 11. g4 a5 12. dxe5 dxe5 13. Ng3 Rfd8 14. g5 Ne8 15. Nf5
Bc5+ 16. Kh1 Nd6 17. Qg4 Nxf5 18. exf5 Bf8 19. fxe5 Qxe5 20. Bf4 Qc5 21. Qg3 b4
22. Ne4 Qxc2 23. Rf2 Qa4 24. g6 fxg6 25. fxg6 h6 26. b3 Qb5 27. a4 Qa6 28. Bc7
Re8 29. Qg4 Ne5 30. Bxe5 Rxe5 31. Qd7 Ree8 32. Nf6+ 1-0

[Event "Druzynowe Mistrzostwa Polski II Liga"]
[Site "Szklarska Poreba"]
[Date "1899-12-30"]
[Round "9.82"]
[White "Rak, Tomasz"]
[Black "Musial, Tomasz"]
[Result "0-1"]
[WhiteTitle "k"]
[BlackTitle "I++"]
[WhiteElo "2051"]
[BlackElo "1985"]

1. Nf3 Nf6 2. d4 e6 3. Bf4 b6 4. Nbd2 Bb7 5. e3 Be7 6. Bd3 d5 7. h4 Nbd7 8. Qe2
c5 9. c3 Ne4 10. Rd1 Nxd2 11. Rxd2 O-O 12. g4 cxd4 13. exd4 Nf6 14. g5 Ne4 15.
Rc2 Bd6 16. Qe3 Qc7 17. Bxd6 Qxd6 18. h5 f6 19. h6 g6 20. gxf6 Rxf6 21. Ne5 Raf8
22. Rh2 Rf4 23. Rg2 Qd8 24. Qh3 Qe7 25. Qh2 Ng5 26. Re2 Qf6 27. Re3 Ne4 28. Nd7
Qe7 29. Nxf8 Qxf8 30. Ke2 Qf6 31. Qg1 Kf7 32. f3 Nd6 33. Rg4 Ke7 34. Qg3 Rxg4
35. fxg4 Qg5 36. Qh3 Ne4 37. Bxe4 dxe4 38. c4 Ba6 39. b3 Qd5 40. Rc3 Qxd4 41.
Qe3 e5 42. Rc2 Bc8 43. g5 Qd3+ 44. Qxd3 exd3+ 45. Kxd3 Bf5+ 46. Kc3 Bxc2 47. Kxc2
Ke6 48. b4 Kf5 49. a4 Ke4 50. Kc3 Kf3 51. c5 bxc5 52. bxc5 e4 53. c6 e3 54. c7
e2 55. c8=Q e1=Q+ 56. Kd4 Qe3+ 57. Kd5 Qxg5+ 58. Kd6 Qf6+ 59. Kc7 Qc3+ 60. Kb7
Qxc8+ 61. Kxc8 a5 62. Kb7 g5 63. Kb6 g4 0-1

[Event "Druzynowe Mistrzostwa Polski II Liga"]
[Site "Szklarska Poreba"]
[Date "1899-12-30"]
[Round "9.83"]
[White "Kmak, Wieslaw"]
[Black "Budnik, Mateusz"]
[Result "1-0"]
[WhiteTitle "I"]
[BlackTitle "I++"]
[WhiteElo "1867"]
[BlackElo "1935"]

1. e4 c5 2. Nc3 a6 3. f4 b5 4. g3 Bb7 5. Bg2 e6 6. Qe2 Qc7 7. d3 d6 8. Nf3 Nf6
9. O-O Be7 10. e5 Nd5 11. Ne4 dxe5 12. fxe5 O-O 13. c4 Nb6 14. Bg5 Bxg5 15. Nfxg5
h6 16. Qh5 Bxe4 17. Bxe4 Nc6 18. Nxf7 Rxf7 19. Rxf7 Qxf7 20. Bh7+ Kf8 21. Rf1
Ra7 22. Rxf7+ Rxf7 23. Bg6 Rc7 24. Qf3+ Kg8 25. Bf7+ Rxf7 26. Qxc6 Nd7 27. Qxe6
bxc4 28. Qe8+ Nf8 29. e6 Rf6 30. e7 cxd3 31. exf8=Q+ Rxf8 32. Qe6+ Kh8 33. Qd5
c4 34. b3 c3 35. Qxd3 Rc8 36. Qxa6 Rd8 37. Qe2 Rd2 38. Kf1 Rb2 39. Qe5 Rb1+ 40.
Ke2 Rc1 41. Kd3 c2 42. Kd2 Rg1 43. Qe8+ Kh7 44. Qe4+ Kh8 45. Kxc2 Rf1 46. Qe2
Rf8 47. b4 Rc8+ 48. Kb3 1-0

[Event "Druzynowe Mistrzostwa Polski II Liga"]
[Site "Szklarska Poreba"]
[Date "1899-12-30"]
[Round "9.84"]
[White "Borkowska, Zuzanna"]
[Black "Pyzio, Amelia"]
[Result "1-0"]
[WhiteTitle "I"]
[BlackTitle "I+"]
[WhiteElo "1634"]
[BlackElo "1620"]

1. e4 e5 2. Nf3 Nc6 3. c3 d5 4. Bb5 dxe4 5. Nxe5 Qd5 6. Nxc6 Qxb5 7. Nd4 Qg5 8.
g3 Nf6 9. d3 Qd5 10. dxe4 Nxe4 11. Qe2 Be7 12. f3 Nc5 13. O-O Ne6 14. Nxe6 Bxe6
15. Bf4 O-O-O 16. Nd2 Bc5+ 17. Kg2 Rhe8 18. Ne4 Qh5 19. h4 Bb6 20. Rfd1 Bd5 21.
Qc2 h6 22. c4 Bxe4 23. Rxd8+ Rxd8 24. Qxe4 Qc5 25. Rf1 Kb8 26. a3 a5 27. Be5 f6
28. Bc3 a4 29. Re1 Qf2+ 30. Kh3 Qc5 31. Qe7 Rc8 32. Qxc5 Bxc5 33. Re4 Rd8 34.
Kg4 Rd3 35. Re8+ Ka7 36. Rg8 f5+ 37. Kxf5 Rxf3+ 38. Kg4 Re3 39. Rxg7 Bd6 40. Bd4+
1-0

[Event "Druzynowe Mistrzostwa Polski II Liga"]
[Site "Szklarska Poreba"]
[Date "1899-12-30"]
[Round "9.85"]
[White "Maciejewski, Waldemar"]
[Black "Nowicki, Bartosz"]
[Result "0-1"]
[WhiteTitle "k"]
[BlackTitle "k++"]
[WhiteElo "2107"]
[BlackElo "2261"]

1. c4 f5 2. Nc3 Nf6 3. Nf3 g6 4. g3 Bg7 5. Bg2 O-O 6. O-O d6 7. d4 c6 8. Bf4 Na6
9. Qc2 Qe8 10. Rad1 Nh5 11. Bg5 h6 12. Bc1 e5 13. dxe5 dxe5 14. e4 f4 15. Rd6
g5 16. Rfd1 Bf6 17. Ne1 Kg7 18. b3 Nc7 19. Bb2 g4 20. Qb1 Ne6 21. Nd3 fxg3 22.
hxg3 Nd4 23. Rxd4 exd4 24. Ne2 Bg5 25. Nxd4 Kg8 26. Qc2 Nxg3 27. Bc1 Nh5 28. e5
Qg6 29. Qe2 Bxc1 30. Rxc1 g3 31. fxg3 Nxg3 32. Qe3 Bh3 33. Rc2 Rf1+ 34. Kh2 Rh1+
35. Bxh1 Nf1+ 36. Kxh3 Qh5+ 0-1

[Event "Druzynowe Mistrzostwa Polski II Liga"]
[Site "Szklarska Poreba"]
[Date "1899-12-30"]
[Round "9.86"]
[White "Parol, Pawel"]
[Black "Lipien, Wieslaw"]
[Result "1-0"]
[WhiteTitle "k"]
[BlackTitle "I++"]
[WhiteElo "2086"]
[BlackElo "2030"]

1. d4 Nf6 2. c4 g6 3. g3 Bg7 4. Bg2 O-O 5. Nc3 d6 6. Nf3 c6 7. O-O Bg4 8. h3 Bxf3
9. Bxf3 Nbd7 10. Bg2 e5 11. d5 c5 12. e4 h6 13. h4 a6 14. a4 Ne8 15. Bh3 Rb8 16.
a5 Nef6 17. Bd2 Qc7 18. Qc2 b5 19. axb6 Rxb6 20. Ra3 Rfb8 21. b3 Kh7 22. Rb1 h5
23. Nd1 Qc8 24. Qd3 Qf8 25. Qf3 Bh6 26. Bg5 Bg7 27. Qe2 Qe8 28. Nc3 Ng8 29. Qa2
Ra8 30. Nb5 Qc8 31. Ra1 Qb7 32. Bd2 Ndf6 33. Nc3 Bh6 34. f4 exf4 35. gxf4 Qe7
36. Re1 Ng4 37. Bxg4 hxg4 38. Kg2 Qxh4 39. Rh1 Qf6 40. Ne2 Qe7 41. Ng3 Kg7 42.
Qb2+ Kf8 43. Rxh6 Nxh6 44. Qh8+ Ng8 45. e5 Rab8 46. Ne4 dxe5 47. fxe5 Ke8 48.
Qxg8+ Kd7 49. Qg7 Re8 50. e6+ Kc8 51. Bg5 Qc7 52. exf7 Rxe4 53. f8=Q+ 1-0

[Event "Druzynowe Mistrzostwa Polski II Liga"]
[Site "Szklarska Poreba"]
[Date "1899-12-30"]
[Round "9.87"]
[White "Jurkowski, Marcin"]
[Black "Suliborski, Jakub"]
[Result "0-1"]
[WhiteTitle "I"]
[BlackTitle "I++"]
[WhiteElo "2011"]
[BlackElo "2090"]

1. d4 Nf6 2. c4 e6 3. Nc3 Bb4 4. e3 O-O 5. Bd3 Bxc3+ 6. bxc3 d6 7. Ne2 e5 8. e4
h6 9. O-O Re8 10. f3 c5 11. Qe1 Nc6 12. Qf2 b6 13. Be3 Ba6 14. Ng3 Na5 15. Qe2
Qd7 16. Nf5 Kh7 17. g4 Ng8 18. Bf2 Ne7 19. Ne3 Ng6 20. Bg3 Rac8 21. d5 Kg8 22.
f4 exf4 23. Bxf4 Ne5 24. Bxe5 Rxe5 25. Rf5 Rce8 26. Raf1 g6 27. Rf6 Qe7 28. R1f4
Kg7 29. Qf2 Rf8 30. Qh4 Bc8 31. Qf2 Nb7 32. h4 Nd8 33. h5 Rg5 34. hxg6 Rxg6 35.
Nf5+ Bxf5 36. R6xf5 f6 37. Qf3 Nf7 38. Be2 Re8 39. Qf1 Ng5 40. Bd3 h5 41. Kg2
h4 42. Bc2 Rh8 43. Kh2 Nf7 44. Bd1 Ne5 45. Kh3 Rhh6 46. Rh5 Nf7 47. Bc2 Rxh5 48.
gxh5 Rg3+ 49. Kxh4 Rxc3 50. Qg2+ Ng5 51. Bd1 Rxc4 52. Bf3 Rc3 53. Qg4 Qe5 54.
Bg2 Rc2 55. Bf3 Rf2 56. Qg3 Rh2+ 57. Kg4 Rh3 58. Qg2 Rxf3 59. Rxf3 Qxe4+ 60. Kg3
Qxf3+ 61. Qxf3 Nxf3 62. Kxf3 c4 63. Ke4 f5+ 64. Kxf5 c3 0-1

[Event "Druzynowe Mistrzostwa Polski II Liga"]
[Site "Szklarska Poreba"]
[Date "1899-12-30"]
[Round "9.88"]
[White "Major, Boguslaw"]
[Black "Kmiecik, Wojciech"]
[Result "1/2-1/2"]
[WhiteTitle "I"]
[BlackTitle "I+"]
[WhiteElo "1708"]
[BlackElo "1984"]

1. e4 e6 2. d3 d5 3. Nd2 Nf6 4. g3 dxe4 5. dxe4 e5 6. Ngf3 Bd6 7. Bg2 O-O 8. O-O
Nc6 9. c3 Be6 10. Qe2 Qe7 11. Nc4 Rfd8 12. Bg5 h6 13. Bxf6 Qxf6 14. Rad1 Bc5 15.
b4 Bb6 16. b5 Bxc4 17. Qxc4 Na5 18. Qa4 Qe6 19. Nh4 g6 20. Rd5 c6 21. bxc6 Nxc6
22. Rfd1 Qf6 23. Qc2 Rac8 24. Qe2 Na5 25. Nf3 Rxd5 26. Rxd5 Rxc3 27. Rxe5 Kg7
28. Rd5 Nc6 29. e5 Qe6 30. Rd6 Qc4 31. Qxc4 Rxc4 32. Rd2 Kf8 33. Bf1 Rc3 34. Kg2
Ke7 35. h4 Bc7 36. Rb2 b6 37. Re2 Rc5 38. e6 fxe6 39. Kh2 Rc3 40. Bg2 Rc5 41.
Bh3 e5 42. Bc8 Bd6 43. Bb7 Kd7 44. Kg2 Kc7 45. Ba8 a5 46. g4 a4 47. g5 hxg5 48.
Nxg5 Ra5 49. Ne6+ Kd7 50. Bxc6+ Kxc6 51. Nd8+ Kd7 52. Rd2 Kc7 53. Ne6+ Kc6 54.
Nd8+ Kc7 55. Ne6+ Kc6 1/2-1/2